000 00253nam a2200097Ia 4500
001 1019093
005 20250826231012.0
008 250824s9999 xx 000 0 und d
245 0 _aGÜNEŞİN GİTTİĞİ GÜN
_cJONATHAN HEILIG
260 _bBETA YAYINLARI
999 _c1019093
_d1019093